A movement of miracles / (Record no. 2522)

MARC details
000 -LEADER
fixed length control field 00755nam a2200253 i 4500
001 - CONTROL NUMBER
control field 2249721
003 - CONTROL NUMBER IDENTIFIER
control field GBCCL
005 - DATE AND TIME OF LATEST TRANSACTION
control field 20241126110431.0
008 - FIXED-LENGTH DATA ELEMENTS--GENERAL INFORMATION
fixed length control field 771122s1977 caua 000 0 eng
010 ## -
-- 77080071
020 ## - INTERNATIONAL STANDARD BOOK NUMBER
International Standard Book Number 0918956382
040 ## - CATALOGING SOURCE
Original cataloging agency DLC
Transcribing agency DLC
Modifying agency DLC
043 ## -
-- n-us---
050 00 -
-- BV3773
-- .B74
082 00 - DEWEY DECIMAL CLASSIFICATION NUMBER
Classification number 269.2
Item number BRI
100 1# - MAIN ENTRY--PERSONAL NAME
Personal name Bright, Bill.
9 (RLIN) 5085
245 12 - TITLE STATEMENT
Title A movement of miracles /
Statement of responsibility, etc. by Bill Bright.
260 ## - PUBLICATION, DISTRIBUTION, ETC.
Place of publication, distribution, etc. San Bernadino, Calif. :
Name of publisher, distributor, etc. Campus Crusade for Christ International,
Date of publication, distribution, etc. c1977.
300 ## - PHYSICAL DESCRIPTION
Extent 176 p. :
Other physical details ill. ;
Dimensions 23 cm.
650 #0 - SUBJECT ADDED ENTRY--TOPICAL TERM
Topical term or geographic name entry element Evangelistic work
Geographic subdivision United States.
9 (RLIN) 3471
650 #0 - SUBJECT ADDED ENTRY--TOPICAL TERM
Topical term or geographic name entry element Here's Life, America (Movement)
9 (RLIN) 5252
906 ## - LOCAL DATA ELEMENT F, LDF (RLIN)
a 7
b cbc
c orignew
d 2
e opcn
f 19
g y-gencatlg
942 ## - ADDED ENTRY ELEMENTS (KOHA)
Source of classification or shelving scheme Dewey Decimal Classification
Koha item type Books
Holdings
Withdrawn status Lost status Source of classification or shelving scheme Damaged status Not for loan Home library Current Library Shelving location Date acquired Total checkouts Full call number Barcode Date last seen Copy number Price effective from Koha item type
    Dewey Decimal Classification     GRACE BIBLE COLLEGE GRACE BIBLE COLLEGE Ministry & Mission 2017-08-22   269.2 BRI 009200 2025-05-01 c.1 2017-08-22 Books
© Grace Bible College Library 2025